Word Ladder: Climate Control Quiz Stats

Quiz Updated Oct 8, 2014

Challenge
Share
Tweet
Embed
Score 0/21 Timer 03:00
0 Plays Today
Clue 4-Letter Word % Correct
The devil resides hereHELL
96.8%
To perceive by touchFEEL
96.6%
Bodies of salt waterSEAS
96.4%
Perceives with the eyesSEES
96.3%
Flesh of animals used as nourishmentMEAT
95.8%
Supper, e.g.MEAL
95.5%
Navy commandoSEAL
95.4%
Get-out-of-jail moneyBAIL
95.3%
Charges for services or authorityFEES
94.8%
GraspedHELD
93.6%
Cereal servingBOWL
92.4%
Clue 4-Letter Word % Correct
Bring to a bubbleBOIL
92.2%
To unite or fuse metalWELD
91.5%
The state of body perceived as having a relatively high warmthHEAT
91.2%
Shape of a springCOIL
90.9%
Cry like a babyBAWL
90.8%
Cut downFELL
90.7%
RingerBELL
90.3%
In a satisfactory mannerWELL
89.2%
Cotton capsuleBOLL
85.8%
Having a relatively low temperature; having little or no warmth COOL
83.7%

Today's Daily Dose

Missing Word
Fruity Song Titles

Quick Pick
Double Blanks

On This Day
June 22nd II

You're not logged in!

Compare scores with friends on all Sporcle quizzes.
Join for Free
OR
Log In

You Might Also Like...

Show Comments

Extras

Top Quizzes Today


Score Distribution

Your Account Isn't Verified!

In order to create a playlist on Sporcle, you need to verify the email address you used during registration. Go to your Sporcle Settings to finish the process.

Report this User

Report this user for behavior that violates our Community Guidelines.

Details: